Normal view
MARC view
- الأدب العربي-تاريخ ونقد-قرن 21-مقالات ومحاضرات-بكار
Entry Topical Term
001 - CONTROL NUMBER
- control field: 45335
003 - CONTROL NUMBER IDENTIFIER
- control field: JO-AjAnu
005 - DATE AND TIME OF LATEST TRANSACTION
- control field: 20230606081511.0
008 - FIXED-LENGTH DATA ELEMENTS
- fixed length control field: 230606|| aca||aabn | a|a d
040 ## - CATALOGING SOURCE
- Original cataloging agency: JO-AjAnu
- Transcribing agency: JO-AjAnu
150 ## - HEADING--TOPICAL TERM
- Topical term or geographic name entry element: الأدب العربي-تاريخ ونقد-قرن 21-مقالات ومحاضرات-بكار
670 ## - SOURCE DATA FOUND
- Source citation: Work cat.: (JO-AjAnu)23211: بكار، يوسف, author 45334, معهم مقدمات وندوات وشهادات